000 00739nam a2200217Ii 4500
003 JO-AjNU
008 230605s9999||||xx |||||||||||||| ||und||
020 _a964-422-371-3
040 _aJO-AjNU
_bara
_erda
_cJO-AjNU
041 _aara
050 1 4 _aPK6479.A47 2000
100 3 _aميروفتش،إيفادى فيتراي,
_eauthor
_924273
245 0 0 _aجلال الدين الرومي والتصوف
250 _aط1
264 3 1 _aطهران: وزارة الثقافة والإرشاد الإسلامي، 2000
300 _a233ص
336 _atext
_btxt
_2rdacontent
337 _aunmediated
_bn
_2rdamedia
338 _avolume
_bnc
_2rdacarrier
650 4 _aالتصوف الإسلامي - المتصوفون - تراجم
_924274
999 _aA8912
_c12480
_d12480